| 000 | 00613 a2200181 4500 | ||
|---|---|---|---|
| 999 |
_c4880 _d4880 |
||
| 010 | _aENG-86644 | ||
| 020 |
_c600.00 _a8188661333 |
||
| 035 | _aEN-70177 | ||
| 037 | _bDBAD / PUB | ||
| 082 | 1 | 4 | _a921 |
| 245 | 1 |
_aLife and work of M. S. Swaminathan towards a hunger-free world _ccompiled and edited by Anwar Dil |
|
| 260 |
_aChennai _bEast West Books (Madras) _c2005 |
||
| 270 |
_a571, Poonamalle High Road, Aminjikarai _bChennai _e600 026 _mewb@airtelbraodband.in |
||
| 300 |
_a640 p _c23 cm (Pbk) _bphotos |
||
| 500 | _aincludes index | ||
| 700 | 1 | _aAnwar Dil | |
| 942 |
_adpl _cEN _2ddc _h921 _mSWA |
||